000 01002nam0a22002531 4500
001 rc\2800104
005 20260407082445.0
035 _a(NLR Aleph) 006926127
090 _a7498748
_c7498748
100 _a20110915d1936 |||y0rusy50 ca
101 0 _arus
102 _aRU
105 _aa z |||c|
200 1 _aСвадьба Фигаро
_eОпера в 4 актах
_e[Краткое содержание оперы и очерк о композиторе]
_e[К постановке в 1936 г.]
_fМузыка Моцарта
_gГос. академич. большой театр СССР
210 _aМосква
_cтип. им. Сталина
_d1936
215 _aОбл., 13, [2] с.
_cил.
_d21х15 см.
702 1 _aМоцарт
_bВ.А.
_gВольфганг Амадей
_4230
710 0 2 _aБольшой театр СССР
_3RU\NLR\AUTH\888351
_9289118
801 0 _aRU
_bNLR
_gpsbo
801 1 _aRU
_bELAR
_2rusmarc
852 _aNLR
_j36-10/4568
942 _cBOOK
980 _aNB